Csevegés Tudóka Ferkóval a Nobel-díjas magyar tudósról

Elmentve itt :
Bibliográfiai részletek
Szerző: Marcella néni
Dokumentumtípus: Cikk
Megjelent: Minerva Irodalmi és Nyomdai Műintézet Rt. Kolozsvár (Cluj) 1937-11-20
Sorozat:Uj Cimbora : képes gyermeklap 5 No. 33
Kulcsszavak:Szent-Györgyi Albert, Nobel-díj - 1937
Online Access:http://misc.bibl.u-szeged.hu/47260
LEADER 00861nab a2200193 i 4500
001 misc47260
005 20250219102117.0
008 210204s1937 hu o 000 hun d
040 |a SZTE Miscellanea Repozitórium  |b hun 
041 |a hun 
100 3 |a Marcella néni  
245 1 0 |a Csevegés Tudóka Ferkóval a Nobel-díjas magyar tudósról  |h [elektronikus dokumentum] /  |c  Marcella néni  
260 |a Minerva Irodalmi és Nyomdai Műintézet Rt.  |b Kolozsvár (Cluj)  |c 1937-11-20 
300 |a 383-384 
300 |a Szent-Györgyi Albert Nobel-díja az 1937/38-as sajtóhíradások tükrében : újságkivágat-album, f. 44r. 
490 0 |a Uj Cimbora : képes gyermeklap  |v 5 No. 33 
561 |a Szent-Györgyi Albert újságkivágat-album 
695 |a Szent-Györgyi Albert, Nobel-díj - 1937 
856 4 0 |u http://misc.bibl.u-szeged.hu/47260/1/044_003.pdf  |z Dokumentum-elérés